| 000 | 00000nam##2200000za#4500 |
| 001 | 9.633932 |
| 003 | CaOODSP |
| 005 | 20220901164739 |
| 007 | cr ||||||||||| |
| 008 | 150407|2004||||xxc|||||o f|0| 0 fre|d |
| 040 | |aCaOODSP|bfre |
| 043 | |an-cn--- |
| 086 | 1 |aJ2-248/2004F-PDF |
| 110 | 1 |aCanada.|bJustice Canada. |
| 245 | 10|aL'évolution de la justice des mineurs au Canada / |h[ressource électronique]|cGroupe de la coopération internationale. |
| 260 | |aOttawa - Ontario : |bJustice Canada |c2004. |
| 300 | |a39p. |
| 504 | |aBibliographie. |
| 590 | |a07-04-Supp|b2007-06-29 |
| 691 | 07|aJeune contrevenant|2gcpds |
| 691 | 07|aJustice pénale|2gcpds |
| 775 | 08|tThe evolution of juvenile justice in Canada / |w(CaOODSP)9.689530 |
| 856 | 40|ahttp://publications.gc.ca|qPDF|s284 Ko|uhttps://publications.gc.ca/collections/Collection/J2-248-2004F.pdf |